000 00688nam a2200217Ia 4500
005 20241129110032.0
008 241129s9999||||xx |||||||||||||| ||und||
020 _a978-93-90961-89-4
037 _aTB
040 _aARTS
_beng
_cARTS
041 _aeng
_2eng
084 _aV44Q7.N R3
_qARTS
100 _aDey Saumya Au.
_9726986
245 0 _aSeedbed of Pakistan: cultural conflicts, elite muslim anxieties, and the congress 1885 - 1906
_cDey Saumya Au.
260 _aNew Delhi, India
_bNew Vitasta Publishing Pvt. Ltd.
_c2022
300 _aviii,215p.
365 _aINR
_b525
650 _aHistory-Pakistan
_9249956
942 _cTB
_hV44Q7.N R3
999 _c1227086
_d1227086